|
|
|
|
| LEADER |
01730nam a2200457 4500 |
| 001 |
on1041144152 |
| 003 |
OCoLC |
| 005 |
20200326101153.0 |
| 006 |
m o d |
| 007 |
cr cnu---unuuu |
| 008 |
180620s2018 ne a ob 001 0 eng d |
| 040 |
|
|
|a OPELS
|b eng
|e rda
|e pn
|c OPELS
|d N$T
|d DKU
|d OCLCF
|d UPM
|d NLE
|d UKMGB
|d D6H
|d UKAHL
|d GrThAP
|
| 015 |
|
|
|a GBB886923
|2 bnb
|
| 016 |
7 |
|
|a 018864420
|2 Uk
|
| 020 |
|
|
|a 9780128155240
|q (electronic bk.)
|
| 020 |
|
|
|a 0128155248
|q (electronic bk.)
|
| 020 |
|
|
|a 9780128151839
|q (print)
|
| 020 |
|
|
|a 0128151838
|q (print)
|
| 035 |
|
|
|a (OCoLC)1041144152
|
| 050 |
|
4 |
|a QR41.2
|
| 072 |
|
7 |
|a SCI
|x 008000
|2 bisacsh
|
| 072 |
|
7 |
|a SCI
|x 045000
|2 bisacsh
|
| 082 |
0 |
4 |
|a 579
|2 23
|
| 245 |
0 |
0 |
|a Advances in applied microbiology.
|n Volume 103 /
|c edited by Sima Sariaslani, Geoffrey Michael Gadd.
|
| 264 |
|
1 |
|a Amsterdam, Netherlands :
|b Elsevier,
|c [2018].
|
| 300 |
|
|
|a 1 online resource (viii, 246 pages) :
|b illustrations.
|
| 336 |
|
|
|a text
|b txt
|2 rdacontent
|
| 337 |
|
|
|a computer
|b c
|2 rdamedia
|
| 338 |
|
|
|a online resource
|b cr
|2 rdacarrier
|
| 490 |
0 |
|
|a Advances in applied microbiology ;
|v volume 103
|
| 504 |
|
|
|a Includes bibliographical references and index.
|
| 588 |
0 |
|
|a Title from title details screen.
|
| 650 |
|
0 |
|a Microbiology.
|
| 650 |
|
7 |
|a SCIENCE / Life Sciences / Biology
|2 bisacsh
|
| 650 |
|
7 |
|a SCIENCE / Life Sciences / Microbiology
|2 bisacsh
|
| 650 |
|
7 |
|a Microbiology.
|2 fast
|0 (OCoLC)fst01019576
|
| 655 |
|
4 |
|a Electronic books.
|
| 700 |
1 |
|
|a Gadd, Geoffrey M.,
|e editor.
|
| 700 |
1 |
|
|a Sariaslani, Sima,
|e editor.
|
| 776 |
0 |
8 |
|i Print version :
|z 9780128151839
|
| 856 |
4 |
0 |
|3 ScienceDirect
|u https://www.sciencedirect.com/science/bookseries/00652164/103
|z Full Text via HEAL-Link
|